| 000 | 00637cas a22002297a 4500 | ||
|---|---|---|---|
| 001 | 128762 | ||
| 003 | UA-OsUOA | ||
| 005 | 20231019095208.0 | ||
| 007 | ta | ||
| 008 | 201801c9b un ||||| ||n| 00| 0 ukrcdukr d | ||
| 040 |
_aUA-OsUOA _bukr _cUA-OsUOA _dUA-OsUOA |
||
| 041 | _aukr | ||
| 044 | _aUA | ||
| 080 | _a61 | ||
| 090 |
_a61 _bН30 |
||
| 245 |
_aНародна медицина _bпоради лікарів _cгол. ред. Белоцька І. Л. |
||
| 260 | _aЛуцьк | ||
| 650 | 7 |
_a61 Медичні науки _2UDC |
|
| 942 |
_cNP _2udc _s1 |
||
| 955 | _a0 | ||
| 999 |
_c319375 _d319375 |
||